| 000 | 00680nam a2200241Ia 4500 | ||
|---|---|---|---|
| 003 | OSt | ||
| 005 | 20221005084300.0 | ||
| 006 | a|||||r|||| 00| 0 | ||
| 007 | ta | ||
| 008 | 221004b |||||||| |||| 00| 0 eng d | ||
| 024 | _a41081 | ||
| 037 | _cTextual | ||
| 040 |
_aCRL _cCRL _beng |
||
| 041 |
_2eng _aeng |
||
| 082 | _aO111,1:g, M4 | ||
| 100 | _aBaker Carlos | ||
| 245 | 0 |
_aEchoing green _b Romanticism, modernism and the phenomena of transference in poetry |
|
| 260 |
_aNew Jersey _bPrinceton USA _c1983 |
||
| 300 |
_axiv, 378p _ccm. |
||
| 650 | _aENGLISH LITERATURE | ||
| 942 |
_hO111,1:g, M4 _cTEXL _2cc |
||
| 999 |
_c992306 _d992306 |
||